Statistics for England Euro 2016 Squad

Click here to take the quiz!

General Stats

  • This quiz has been taken 15,134 times
    (15,094 since last reset)
  • The average score is 15 of 24

Answer Stats

PositionPlayer% Correct
GKJoe Hart
92%
FWWayne Rooney
88%
FWHarry Kane
86%
MFRaheem Sterling
77%
FWJamie Vardy
75%
MFJordan Henderson
73%
DFKyle Walker
71%
ManagerRoy Hodgson
71%
FWDaniel Sturridge
67%
DFGary Cahill
66%
MFDele Alli
64%
DFJohn Stones
64%
FWMarcus Rashford
64%
DFChris Smalling
63%
DFDanny Rose
62%
GKFraser Forster
61%
MFEric Dier
60%
MFJames Milner
53%
MFJack Wilshere
50%
MFAdam Lallana
48%
GKTom Heaton
45%
DFNathaniel Clyne
43%
MFRoss Barkley
37%
DFRyan Bertrand
33%

Score Distribution

Percentile by Number Answered

Percent of People with Each Score

Your Score History

You have not taken this quiz since the last reset